000 00730nam a22002175i 4500
001 13384
003 ES-MaACL
005 20230906150548.0
007 t|
008 940630s1993 sp ||||0| spa j
020 _a84-604-6199-8
040 _aM-BN
_bspa
_cM-BN
080 _a914.602.81
100 1 _aMonge Molinero, Eusebio.
_982191
245 1 0 _aTopónimos de la provincia de Guadalajara /
_cEusebio Monge Molinero.
260 _aSigüenza :
_bE. Monge Molinero,
_c1993 (
_eSigüenza :
_fGráf. Carpintero)
300 _a206 p. ;
_c21 cm.
504 _aBibliografía: p. 205-206.
650 4 _aNombres geográficos-
_zGuadalajara (Provincia)
_915586
852 _aES-MaACL
_jL-20738
_bR.126397
_q. - Ded. autógr. del autor
999 _c13384
_d13384